Taylor Swift - Paroles evermore (feat. Bon Iver) - Statistiques

Statistiques générales
  • Ce quiz a été pris 52 fois
  • Le résultat moyen est 274 sur 331
Statistiques - réponses
Hint Réponse % Correct
a
100%
be
100%
I
100%
feeling
97%
had
97%
in
97%
In
97%
I've
97%
me
97%
That
97%
that
97%
this
97%
This
97%
an
94%
been
94%
could
94%
Evermore
94%
(Evermore)
94%
(evermore)
94%
evermore
94%
for
94%
July
94%
my
94%
November
94%
on
94%
On
94%
pain
94%
since
94%
the
94%
would
94%
breath
91%
can
91%
(can
91%
couldn't
91%
down
91%
Couplet 1 Gray
91%
I'm
91%
of
91%
peculiar
91%
so
91%
sure
91%
to
91%
To
91%
(to
91%
was
91%
we
91%
when
91%
Refrain And
88%
catching
88%
Catching
88%
each
88%
just
88%
light
88%
lost
88%
Oh,
88%
step
88%
stepping
88%
where
88%
you
88%
You
88%
all
85%
(all
85%
What
85%
wrong
85%
bad
82%
Can't
82%
(can't
82%
footsteps
82%
get
82%
go
82%
it
82%
It
82%
again
79%
again)
79%
capture
79%
cross?
79%
cross?)
79%
December
79%
find
79%
Couplet 2 Hey
79%
Motion
79%
one
79%
Put
79%
things
79%
think
79%
death
76%
Guess
76%
is
76%
Is
76%
(is
76%
pause
76%
pause?
76%
pause?)
76%
stone
76%
thought
76%
will
76%
days
73%
days)
73%
double
73%
fight
73%
out
73%
(Out
73%
there
73%
through
73%
Trying
73%
used
73%
Barefoot
70%
cost
70%
cost)
70%
letters
70%
Or
70%
(or
70%
tall
70%
went
70%
wouldn't
70%
crossed
67%
moment
67%
dreamed
64%
fire
64%
not
64%
open
64%
remember
64%
replay
64%
we'll
64%
window
64%
certain
61%
does
61%
were
61%
Writing
61%
but
58%
But
58%
signals
58%
Staring
58%
swear
58%
waves,
58%
waves
58%
Addressed
55%
cracks
55%
dog
55%
frost
55%
frost)
55%
line
55%
real
55%
violence
55%
enough
52%
being
48%
Sending
48%
tossed
48%
tossed)
48%
very
48%
weather
48%
now)
45%
Whether
45%
(whether
45%
winter
45%
rewind
39%
shipwrecked
39%
tape
39%
under
39%
unmoored
39%
cabin
36%
wildest
36%
Floors
33%
(If
33%
costs)
30%
creaking
30%
Aucun quiz correspondant
Distribution des résultats
% des personnes avec chaque résultat
Percentile par nombre de réponses
Votre historique - résultats
Vous n’avez pas pris ce quiz